|
|
|
|
| LEADER |
02768nam a2200613 a 4500 |
| 001 |
nkc20061695710 |
| 003 |
CZ PrNK |
| 005 |
20200228235010.0 |
| 007 |
ta |
| 008 |
061101s2006 xr a f 001 0 cze |
| 015 |
|
|
|a cnb001695710
|
| 020 |
|
|
|a 80-210-4130-7
|q (Masarykova univerzita ;
|q váz.)
|
| 020 |
|
|
|a 80-86488-34-9
|q (Matice moravská ;
|q váz.)
|
| 035 |
|
|
|a (OCoLC)124090591
|
| 040 |
|
|
|a BOA001
|b cze
|d ABA001
|
| 041 |
0 |
|
|a cze
|b ger
|
| 043 |
|
|
|a ec-----
|a e-xr---
|b e-xr-mr
|2 czenas
|
| 045 |
|
|
|a u0u5
|
| 072 |
|
7 |
|a 94(437)
|x Dějiny Česka a Slovenska
|2 Konspekt
|9 8
|
| 080 |
|
|
|a 347.232.1
|2 MRF
|
| 080 |
|
|
|a 94(437.32)
|2 MRF
|
| 080 |
|
|
|a (4-191.2)
|2 MRF
|
| 080 |
|
|
|a (048.8)
|2 MRF
|
| 100 |
1 |
|
|a Knoz, Tomáš,
|d 1965-
|7 jn20000401368
|4 aut
|
| 245 |
1 |
0 |
|a Pobělohorské konfiskace :
|b moravský průběh, středoevropské souvislosti, obecné aspekty /
|c Tomáš Knoz
|
| 250 |
|
|
|a Vyd. 1.
|
| 260 |
|
|
|a Brno :
|b Matice moravská :
|b Masarykova univerzita,
|c 2006
|
| 300 |
|
|
|a 993 s. :
|b barev. il. ;
|c 24 cm
|
| 490 |
1 |
|
|a Knižnice Matice moravské ;
|v sv. 19
|
| 490 |
1 |
|
|a Spisy Masarykovy univerzity v Brně. Filozofická fakulta =
|a Opera Universitatis Masarykianae Brunensis. Facultas philosophica ;
|v č. 361
|
| 500 |
|
|
|a Na obálce pod názvem: Matice moravská, Filozofická fakulta MU
|
| 500 |
|
|
|a 300 výt.
|
| 504 |
|
|
|a Obsahuje bibliografii, bibliografické odkazy a rejstříky
|
| 546 |
|
|
|a Německé resumé
|
| 648 |
|
7 |
|a 17. století
|7 ch460555
|2 czenas
|
| 650 |
0 |
7 |
|a majetkové konfiskace
|7 ph136533
|z Česko
|y 17. století
|2 czenas
|
| 650 |
0 |
7 |
|a majetkové konfiskace
|7 ph136533
|z Evropa střední
|y 17. století
|2 czenas
|
| 650 |
0 |
9 |
|a confiscations
|z Czechia
|z Moravia
|y 17th century
|2 eczenas
|
| 650 |
0 |
9 |
|a confiscations
|z Europe, Central
|y 17th century
|2 eczenas
|
| 651 |
|
7 |
|a Morava (Česko)
|7 ge130070
|x dějiny
|y 17. století
|2 czenas
|
| 651 |
|
9 |
|a Moravia (Czechia)
|x history
|y 17th century
|2 eczenas
|
| 655 |
|
7 |
|a studie
|7 fd133597
|2 czenas
|
| 655 |
|
9 |
|a studies
|2 eczenas
|
| 710 |
2 |
|
|a Masarykova univerzita.
|b Filozofická fakulta
|7 kn20010709276
|
| 810 |
2 |
|
|a Masarykova univerzita.
|b Filozofická fakulta.
|t Spisy
|0 s
|
| 830 |
|
0 |
|a Knižnice Matice moravské
|0 s
|
| 856 |
4 |
1 |
|u https://digilib.phil.muni.cz/handle/11222.digilib/103837
|y Plný text (Masarykova univerzita Brno)
|4 N
|
| 856 |
4 |
1 |
|u https://www.digitalniknihovna.cz/mzk/uuid/uuid:daa49ba0-0607-11ea-af21-005056827e52
|y Digitalizovaný dokument
|x NDK
|
| 910 |
2 |
|
|a BOA001
|b 2-1180.435
|
| 990 |
|
|
|a BK
|
| 995 |
|
|
|a 01
|
| 991 |
|
|
|b 200702
|c NOV
|
| 996 |
6 |
|
|b 2610299587
|c 2-1180.435
|l MZK
|r Sklad / do 1 hodiny
|n 41
|p p.v.
|w 000838973
|u 000010
|a 1
|e BOA001
|j MZK50
|s P
|
| 996 |
7 |
|
|b 2610299588
|c 2-1180.435
|l MZK
|r Sklad / do 1 hodiny
|n 63
|p p.v.
|w 000838973
|u 000020
|a 1
|e BOA001
|j MZK50
|s A
|